Embrun - Choix multiples - Statistiques

Statistiques générales
  • Ce quiz a été pris 6 fois
    5 depuis la dernière actualisation
  • Le résultat moyen est 7 sur 10
Statistiques - réponses
Question Réponse % Correct
Quel cours d'eau arrose Embrun ? La Durance
100%
Quel lac artificiel borde Embrun et est alimenté par le cours d'eau précédent ? Le lac de Serre-Ponçon
100%
Dans la zone périphérique de quel parc national se trouve Embrun ? Le parc national des Écrins
100%
Dans quelle station de sports d'hiver située à environ 14 km au sud d'Embrun, Luis Ocaña a-t-il jeté les bases de sa victoire dans le Tour de France 1973 ? Les Orres
100%
Reconnaissez-vous Embrun sur l'une des images suivantes ?
80%
Comment appelle-t-on le donjon carré du XIIIe siècle, seul vestige de la muraille médiévale d'Embrun ? La Tour brune
80%
Dans quel pays se trouve une ville qui s'appelle également Embrun ? Le Canada
60%
Quel sport d'endurance est représentée à Embrun par l'une des épreuves les plus convoitées et difficiles au monde ? Le triathlon
60%
D'où provenaient les 167 hommes déportés à la maison centrale d'Embrun dans des conditions insalubres par Napoléon Bonaparte en 1808 ? De Corse
20%
La cathédrale Notre-Dame-du-Réal d'Embrun abritait une fresque miraculeuse représentant l'Adoration des Rois mages. Qui détruisirent cette fresque ? Les Protestants
20%
Aucun quiz correspondant
Distribution des résultats
% des personnes avec chaque résultat
Percentile par nombre de réponses
Votre historique - résultats
Vous n’avez pas pris ce quiz depuis la dernière actualisation